Statistics for NBA Ultimate 2 Truths and a Lie(KOT4Q)

Click here to take the quiz!

General Stats

  • This quiz has been taken 82 times
  • The average score is 7 of 15

Answer Stats

QuestionAnswer% Correct
Kyrie Irving?He attended Duke and won a title in his only year there
72%
Which is the lie about Stephen Curry?He was born in Cleveland, Ohio
71%
Which is the lie about Kevin Durant?He won his first MVP in the 2012-2013 season
64%
Anthony Davis?He has always been tall
64%
James Harden?Has a shoe deal with Under Armour
62%
Wilt Chamberlain?Has never had a 20/20 game with assists
46%
Giannis Antetokounmpo?His only nickname is the Greek Freak
45%
Kareem Abdul-Jabbar?Won his 6th MVP Award in 1979
39%
Kawhi Leonard?Manu Ginobili was very happy that the Spurs traded for him on draft night
36%
Russell Westbrook?Was drafted by the Oklahoma City Thunder
36%
Kobe BryantKobe had his 81 points in 2007
34%
Which is the lie about LeBron James?In the fourth grade, he missed 81 out of the 160 days of school
33%
Tim Duncan?Is 13 on the all time scoring list
32%
Michael Jordan?He wore 2 numbers in his career, 23 and 45
25%
Hakeem Olajuwon?His 2 favorite sports as a kid were soccer and basketball
24%

Score Distribution

Percentile by Number Answered

Percent of People with Each Score

Your Score History

You have not taken this quiz